Freedom in bondage / (Record no. 184218)
[ view plain ]
| 000 -LEADER | |
|---|---|
| fixed length control field | 00657 a2200181 4500 |
| 003 - CONTROL NUMBER IDENTIFIER | |
| control field | NUST |
| 005 - DATE AND TIME OF LATEST TRANSACTION | |
| control field | 20221215131845.0 |
| 040 ## - CATALOGING SOURCE | |
| Transcribing agency | Nust |
| 082 ## - DEWEY DECIMAL CLASSIFICATION NUMBER | |
| Classification number | 323.44,SAE |
| 100 ## - MAIN ENTRY--PERSONAL NAME | |
| Personal name | Saeed , Karman |
| 9 (RLIN) | 104947 |
| 245 ## - TITLE STATEMENT | |
| Title | Freedom in bondage / |
| Statement of responsibility, etc. | Karman Saeed |
| 260 ## - PUBLICATION, DISTRIBUTION, ETC. | |
| Place of publication, distribution, etc. | National Book Foundation |
| Name of publisher, distributor, etc. | Islamabad |
| Date of publication, distribution, etc. | 1987 |
| 300 ## - PHYSICAL DESCRIPTION | |
| Extent | 98 p.: |
| Other physical details | illus |
| Dimensions | 18 cm |
| 505 ## - FORMATTED CONTENTS NOTE | |
| Formatted contents note | Definition (Page-1), Kinds of Freedom (Page-6), Some Basic Concepts (Page-17), Freedom and Different Behavioral Patterns (Page-32), Problem of Freedom in the Present-Day World (Page-82). |
| 600 ## - SUBJECT ADDED ENTRY--PERSONAL NAME | |
| Personal name | Saeed , Karman |
| 9 (RLIN) | 104947 |
| 650 ## - SUBJECT ADDED ENTRY--TOPICAL TERM | |
| Topical term or geographic name entry element | Freedom in bondage |
| 9 (RLIN) | 104948 |
| 942 ## - ADDED ENTRY ELEMENTS (KOHA) | |
| Source of classification or shelving scheme | |
| Koha item type | Book |
| Call number prefix | 323.44,SAE |
| Withdrawn status | Lost status | Source of classification or shelving scheme | Damaged status | Not for loan | Permanent Location | Current Location | Shelving location | Date acquired | Full call number | Barcode | Date last seen | Price effective from | Koha item type | Public note |
|---|---|---|---|---|---|---|---|---|---|---|---|---|---|---|
| Military College of Signals (MCS) | Military College of Signals (MCS) | General Stacks | 12/12/2016 | 323.44,SAE | MCS21846 | 12/08/2016 | 12/12/2016 | Book | Almirah No.49, Shelf No.6 |
